[Event "Titled Tuesday intern op 29th Dec"]
[Site "Chess.com INT"]
[Date "2020.12.29"]
[Round "1"]
[White "Dondukov, Sengdorji"]
[Black "Rusan, Paul Cristian"]
[Result "1-0"]
[WhiteElo "2335"]
[BlackElo "2106"]
[PlyCount "63"]
[EventDate "2020.12.29"]
[EventType "swiss (blitz)"]
[EventRounds "11"]
[EventCountry "USA"]
[SourceTitle "CBM 200 Extra"]
[Source "ChessBase"]
[SourceDate "2021.03.31"]
[SourceVersion "1"]
[SourceVersionDate "2021.03.31"]
[SourceQuality "1"]

1. e4 g6 2. d4 Bg7 3. Nc3 d6 4. Bg5 a6 5. Qd2 b5 6. Nf3 Bb7 7. Bd3 Nd7 8. h3 c5 9. dxc5 Nxc5 10. 0-0 Nf6 11. Rfe1 e5 12. b4 Ne6 13. Bh6 0-0 14. Bxg7 Kxg7 15. a3 Qc7 16. a4 Rac8 17. Ra3 bxa4 18. Nxa4 Rfd8 19. c4 Nh5 20. Nc3 Nhf4 21. Bf1 Qb6 22. Nd5 Nxd5 23. cxd5 Nc7 24. h4 h6 25. Nh2 f5 26. exf5 gxf5 27. Rg3+ Kh7 28. Bd3 e4 29. Rxe4 Nxd5 30. Re6 Ne3 31. Re7+ Kh8 32. Qb2+ 1-0

[Event "Titled Tuesday intern op 21st April"]
[Site "Chess.com INT"]
[Date "2020.04.21"]
[Round "7"]
[White "Dondukov, Sengdorji"]
[Black "Prilleltensky, Matan"]
[Result "1-0"]
[WhiteElo "2335"]
[BlackElo "2136"]
[PlyCount "93"]
[EventDate "2020.04.21"]
[EventType "swiss (blitz)"]
[EventRounds "10"]
[EventCountry "USA"]
[SourceTitle "EXT 2021"]
[Source "ChessBase"]
[SourceDate "2020.10.23"]
[SourceVersion "1"]
[SourceVersionDate "2020.10.23"]
[SourceQuality "1"]

1. e4 c5 2. Nf3 e6 3. d4 cxd4 4. Nxd4 Nf6 5. Nc3 Nc6 6. Ndb5 Bc5 7. Nd6+ Ke7 8. Bf4 e5 9. Nf5+ Kf8 10. Bg5 Bb4 11. Qf3 h6 12. Bxf6 Qxf6 13. 0-0-0 Bxc3 14. Qxc3 d5 15. Rxd5 Bxf5 16. exf5 Qxf5 17. Bd3 Qg5+ 18. Kb1 g6 19. g3 Kg7 20. f4 Qf6 21. fxe5 Qf3 22. e6+ Kg8 23. exf7+ Qxf7 24. Bc4 Kh7 25. Rf1 Qe7 26. Re1 Qc7 27. h4 h5 28. Qf6 Rae8 29. Red1 Re7 30. g4 Rf7 31. Qg5 Qe7 32. gxh5 Qxg5 33. Rxg5 gxh5 34. Rxh5+ Kg7 35. Bxf7 Rf8 36. Bb3 Rf2 37. Rg1+ Kf6 38. Rh6+ Ke5 39. Rxc6 bxc6 40. Rh1 Kf6 41. h5 Kg7 42. h6+ Kh8 43. c3 c5 44. h7 a5 45. Bc2 a4 46. Rg1 c4 47. Rg8# 1-0

[Event "Titled Tuesday intern op 3rd Jan"]
[Site "Chess.com INT"]
[Date "2019.12.03"]
[Round "2"]
[White "Zhuravleva, Olga"]
[Black "Dondukov, Sengdorji"]
[Result "1-0"]
[WhiteElo "2278"]
[BlackElo "2335"]
[PlyCount "69"]
[EventDate "2019.12.03"]
[EventType "swiss (blitz)"]
[EventRounds "10"]
[EventCountry "USA"]
[SourceTitle "EXT 2021"]
[Source "ChessBase"]
[SourceDate "2020.10.23"]
[SourceVersion "1"]
[SourceVersionDate "2020.10.23"]
[SourceQuality "1"]

1. e4 c5 2. Nf3 Nc6 3. Nc3 Nf6 4. e5 Ng4 5. Qe2 Qc7 6. d4 cxd4 7. Nd5 Qa5+ 8. Nd2 Qxd5 9. Qxg4 Qxe5+ 10. Be2 d5 11. Qh4 d3 12. cxd3 Nd4 13. 0-0 Nxe2+ 14. Kh1 g5 15. Qa4+ Bd7 16. Qb3 Nd4 17. Qxb7 Bc6 18. Qa6 e6 19. Nf3 Qe2 20. Bxg5 Qxf3 21. gxf3 Rg8 22. Bf6 Bb5 23. Qb7 Bc6 24. Qc7 Bd7 25. Bxd4 Rc8 26. Qb7 Bh6 27. Rg1 Rg6 28. Rxg6 hxg6 29. Re1 Bf4 30. Kg2 g5 31. Qxa7 Rc2 32. Qa8+ Ke7 33. Qa3+ Bd6 34. Bf6+ Kxf6 35. Qxd6 1-0

[Event "Buryatia-ch 3rd"]
[Site "Ulan-Ude"]
[Date "2015.01.05"]
[Round "2"]
[White "Dondukov, Sengdorji"]
[Black "Andreev, Afrikan"]
[Result "1/2-1/2"]
[WhiteElo "2344"]
[BlackElo "2197"]
[PlyCount "118"]
[EventDate "2015.01.05"]
[EventType "swiss"]
[EventRounds "9"]
[EventCountry "RUS"]
[SourceTitle "CBM 164 Extra"]
[Source "ChessBase"]
[SourceDate "2015.03.02"]
[SourceVersion "1"]
[SourceVersionDate "2015.03.02"]
[SourceQuality "1"]

1. d4 d5 2. c4 e6 3. Nc3 Nf6 4. Bg5 c6 5. e3 Nbd7 6. cxd5 exd5 7. Bd3 Be7 8. Qc2 Nf8 9. Nf3 Ne6 10. Bh4 g6 11. Rb1 Ng7 12. b4 a6 13. a4 0-0 14. 0-0 Bf5 15. Bxf5 Nxf5 16. Bxf6 Bxf6 17. b5 axb5 18. axb5 Qa5 19. bxc6 bxc6 20. Rfc1 Nd6 21. Nd2 Rfb8 22. h3 h5 23. Rxb8+ Rxb8 24. Ncb1 Rb6 25. Nb3 Qa7 26. N1d2 Kg7 27. Ra1 Ra6 28. Rc1 Be7 29. Qd3 Bf6 30. g3 Kg8 31. Kg2 Kg7 32. Rc3 Nb5 33. Rc2 Nd6 34. Qf1 Be7 35. Qc1 Qa8 36. Nc5 Ra1 37. Qb2 Rd1 38. Rc1 Rxc1 39. Qxc1 Qa2 40. Nd3 Nf5 41. Nf1 Qa3 42. Qc2 Bd6 43. Nc1 Qa6 44. Qe2 Qxe2 45. Nxe2 c5 46. dxc5 Bxc5 47. Nd2 Ne7 48. Nb3 Bb6 49. Kf3 Kf6 50. Nf4 Ke5 51. Nc1 Nc6 52. Ncd3+ Kd6 53. Ke2 Bd8 54. f3 Bg5 55. Ng2 Na5 56. g4 hxg4 57. fxg4 Nc4 58. h4 Bh6 59. Ngf4 g5 1/2-1/2

[Event "Buryatia-ch"]
[Site "Russia"]
[Date "2014.10.03"]
[Round "8"]
[White "Dondukov, Sengdorji"]
[Black "Baljiev, Chingiz"]
[Result "1/2-1/2"]
[WhiteElo "2323"]
[BlackElo "2262"]
[PlyCount "45"]
[EventDate "2014.09.27"]
[EventType "swiss"]
[EventRounds "9"]
[EventCountry "RUS"]
[SourceTitle "EXT 2015"]
[Source "ChessBase"]
[SourceDate "2014.11.20"]
[SourceVersion "1"]
[SourceVersionDate "2014.11.20"]
[SourceQuality "1"]

1. c4 Nf6 2. Nf3 g6 3. Nc3 Bg7 4. d4 0-0 5. e4 d6 6. Be2 e5 7. Be3 exd4 8. Nxd4 Re8 9. Qc2 c6 10. 0-0 Qe7 11. Rfe1 Nxe4 12. Nxe4 Qxe4 13. Qd2 Nd7 14. Bf3 Qe7 15. Bg5 Qf8 16. Rxe8 Qxe8 17. Nxc6 bxc6 18. Bxc6 Rb8 19. Re1 Qf8 20. Be7 Rxb2 21. Qxd6 Qe8 22. Kf1 Ba6 23. Bxd7 1/2-1/2

[Event "Buryatia-ch"]
[Site "Russia"]
[Date "2014.10.02"]
[Round "7"]
[White "Dondukov, Sengdorji"]
[Black "Tugarin, Anton"]
[Result "1-0"]
[WhiteElo "2323"]
[BlackElo "2242"]
[PlyCount "49"]
[EventDate "2014.09.27"]
[EventType "swiss"]
[EventRounds "9"]
[EventCountry "RUS"]
[SourceTitle "EXT 2015"]
[Source "ChessBase"]
[SourceDate "2014.11.20"]
[SourceVersion "1"]
[SourceVersionDate "2014.11.20"]
[SourceQuality "1"]

1. c4 e6 2. d4 d5 3. Nc3 c6 4. e4 dxe4 5. Nxe4 Bb4+ 6. Bd2 Qxd4 7. Bxb4 Qxe4+ 8. Be2 Na6 9. Bc3 Ne7 10. Bxg7 Rg8 11. Bf6 Qg6 12. Bc3 Qxg2 13. Qd2 Qg5 14. Qxg5 Rxg5 15. Nf3 Rg8 16. Ne5 Nc5 17. Bh5 Rf8 18. 0-0-0 Ne4 19. Ng4 e5 20. Bxe5 Ng6 21. Nf6+ Ke7 22. Bxg6 Nxf6 23. Bd6+ Ke8 24. Rhe1+ Be6 25. Rxe6+ 1-0

[Event "Buryatia-ch"]
[Site "Russia"]
[Date "2014.09.28"]
[Round "3"]
[White "Badmaev, Aldar"]
[Black "Dondukov, Sengdorji"]
[Result "0-1"]
[WhiteElo "1910"]
[BlackElo "2323"]
[PlyCount "106"]
[EventDate "2014.09.27"]
[EventType "swiss"]
[EventRounds "9"]
[EventCountry "RUS"]
[SourceTitle "EXT 2015"]
[Source "ChessBase"]
[SourceDate "2014.11.20"]
[SourceVersion "1"]
[SourceVersionDate "2014.11.20"]
[SourceQuality "1"]

1. Nf3 d5 2. g3 Bg4 3. Bg2 Nd7 4. d3 c6 5. c4 Bxf3 6. exf3 dxc4 7. dxc4 Ne5 8. 0-0 Qxd1 9. Rxd1 Nxc4 10. b3 Nb6 11. Bb2 Nf6 12. Nc3 e6 13. Ne4 Be7 14. Rd3 Nbd5 15. a3 a5 16. Rc1 0-0-0 17. Ng5 Rhf8 18. f4 g6 19. Nf3 Nd7 20. Nd4 Bf6 21. Rd2 Kb8 22. Nf3 Bxb2 23. Rxb2 h6 24. Nd2 e5 25. fxe5 Nxe5 26. Bf1 Nf4 27. Rc3 Nfd3 28. Bxd3 Nxd3 29. Rbc2 Rfe8 30. Nf3 Ne1 31. Rc1 Nxf3+ 32. Rxf3 f5 33. h4 Rd5 34. Kf1 Kc7 35. Re1 Rxe1+ 36. Kxe1 Kd6 37. Ke2 b5 38. Re3 c5 39. f3 Rd4 40. Rc3 a4 41. bxa4 Rxa4 42. Kd2 f4 43. Rd3+ Rd4 44. gxf4 Rxd3+ 45. Kxd3 h5 46. Ke4 Ke6 47. f5+ gxf5+ 48. Ke3 Ke5 49. f4+ Kd5 50. Kd3 b4 51. a4 c4+ 52. Kc2 c3 53. Kb3 Kc5 0-1

[Event "Buryatia-ch Superfinal 2nd"]
[Site "Ulan-Ude"]
[Date "2014.01.05"]
[Round "1"]
[White "Dondukov, Sengdorji"]
[Black "Malanova, Aryuna"]
[Result "1-0"]
[WhiteElo "2353"]
[BlackElo "1947"]
[PlyCount "47"]
[EventDate "2014.01.05"]
[EventType "swiss"]
[EventRounds "9"]
[EventCountry "RUS"]
[SourceTitle "EXT 2015"]
[Source "ChessBase"]
[SourceDate "2014.11.20"]
[SourceVersion "1"]
[SourceVersionDate "2014.11.20"]
[SourceQuality "1"]

1. Nf3 c5 2. c4 Nc6 3. g3 g6 4. Bg2 Bg7 5. Nc3 e5 6. a3 Nge7 7. 0-0 d6 8. b4 cxb4 9. axb4 Nxb4 10. Ba3 Qa5 11. Qb3 Nec6 12. Rfb1 Na6 13. Bxd6 Qd8 14. Nb5 e4 15. Qe3 f5 16. Ng5 Qf6 17. d4 h6 18. Bxe4 Kd8 19. Rxa6 Bd7 20. Bxc6 bxc6 21. Bc7+ Kc8 22. Nd6+ Kxc7 23. Rb7+ Kxd6 24. c5+ 1-0

[Event "Ulan-Ude Sangha"]
[Site "Ulan-Ude"]
[Date "2013.09.11"]
[Round "5"]
[White "Asanov, Bolat"]
[Black "Dondukov, Sengdorji"]
[Result "1/2-1/2"]
[WhiteElo "2422"]
[BlackElo "2317"]
[PlyCount "25"]
[EventDate "2013.09.08"]
[EventType "tourn"]
[EventRounds "11"]
[EventCountry "RUS"]
[EventCategory "7"]
[SourceTitle "EXT 2018"]
[Source "ChessBase"]
[SourceDate "2017.10.13"]
[SourceVersion "1"]
[SourceVersionDate "2017.10.13"]
[SourceQuality "1"]

1. e4 e5 2. Nf3 Nc6 3. Bb5 a6 4. Ba4 Nf6 5. 0-0 b5 6. Bb3 Be7 7. Re1 d6 8. c3 0-0 9. h3 Re8 10. Ng5 Rf8 11. Nf3 Re8 12. Ng5 Rf8 13. Nf3 1/2-1/2

[Event "Buryatia-ch"]
[Site "Ulan-Ude"]
[Date "2013.01.06"]
[Round "7"]
[White "Barlakov, Arsalan"]
[Black "Dondukov, Sengdorji"]
[Result "1/2-1/2"]
[WhiteElo "2311"]
[BlackElo "2338"]
[PlyCount "69"]
[EventDate "2013.01.02"]
[EventType "swiss"]
[EventRounds "9"]
[EventCountry "RUS"]
[SourceTitle "CBM 152 Extra"]
[Source "ChessBase"]
[SourceDate "2013.02.25"]
[SourceVersion "1"]
[SourceVersionDate "2013.02.25"]
[SourceQuality "1"]

1. e4 c5 2. Nf3 d6 3. d4 cxd4 4. Nxd4 Nf6 5. Nc3 g6 6. f3 Qb6 7. Nb3 Bg7 8. Qe2 0-0 9. Be3 Qc7 10. 0-0-0 Nc6 11. g4 Be6 12. g5 Nh5 13. Nd5 Bxd5 14. exd5 Na5 15. Nxa5 Qxa5 16. Kb1 b5 17. Bc1 Qc7 18. Qe4 b4 19. Bb5 a5 20. Rhe1 a4 21. Qxe7 Qc5 22. Qe2 a3 23. Qc4 axb2 24. Bxb2 Qf2 25. Bc6 Rab8 26. Bxg7 Nxg7 27. f4 Qxh2 28. Re4 Rfc8 29. Qd4 Nf5 30. Qf6 Qg3 31. Bd7 b3 32. cxb3 Rxb3+ 33. Ka1 Ra8 34. Ra4 Rxa4 35. Qd8+ 1/2-1/2

[Event "Buryatia-ch"]
[Site "Ulan-Ude"]
[Date "2013.01.05"]
[Round "6"]
[White "Dondukov, Sengdorji"]
[Black "Brylev, Igor"]
[Result "1-0"]
[WhiteElo "2338"]
[BlackElo "2161"]
[PlyCount "97"]
[EventDate "2013.01.02"]
[EventType "swiss"]
[EventRounds "9"]
[EventCountry "RUS"]
[SourceTitle "CBM 152 Extra"]
[Source "ChessBase"]
[SourceDate "2013.02.25"]
[SourceVersion "1"]
[SourceVersionDate "2013.02.25"]
[SourceQuality "1"]

1. e4 c5 2. Nf3 e6 3. d4 cxd4 4. Nxd4 Nc6 5. Nc3 Qc7 6. f4 a6 7. Be3 b5 8. Nxc6 Qxc6 9. Bd3 Nf6 10. e5 b4 11. Ne2 Ng4 12. Qd2 Bc5 13. Bxc5 Qxc5 14. Ng3 Bb7 15. Be4 Bc6 16. Bxc6 dxc6 17. Ne4 Qe3+ 18. Qe2 f5 19. exf6 Qxe2+ 20. Kxe2 Nxf6 21. Nxf6+ gxf6 22. a3 c5 23. axb4 cxb4 24. Ra4 a5 25. Rha1 Ke7 26. Rxa5 Rac8 27. Rc1 Rc4 28. g3 Rd8 29. c3 f5 30. Re5 Rc6 31. Rc2 Rdc8 32. Re3 Kf6 33. Kd2 Rb6 34. cxb4 Rcb8 35. Rc4 h5 36. h4 Rd6+ 37. Kc3 Rd1 38. Kb3 Rb6 39. Rec3 Ke7 40. Rc6 Rxc6 41. Rxc6 Kd7 42. Rc3 Ra1 43. b5 Kd6 44. Kb4 Rb1 45. b3 Ra1 46. b6 Ra8 47. Kb5 Rb8 48. b4 Kd5 49. Rc7 1-0

[Event "Buryatia-ch"]
[Site "Ulan-Ude"]
[Date "2013.01.05"]
[Round "5"]
[White "Shomoev, Anton"]
[Black "Dondukov, Sengdorji"]
[Result "1-0"]
[WhiteElo "2567"]
[BlackElo "2338"]
[PlyCount "32"]
[EventDate "2013.01.02"]
[EventType "swiss"]
[EventRounds "9"]
[EventCountry "RUS"]
[SourceTitle "CBM 152 Extra"]
[Source "ChessBase"]
[SourceDate "2013.02.25"]
[SourceVersion "1"]
[SourceVersionDate "2013.02.25"]
[SourceQuality "1"]

1. c4 Nf6 2. Nc3 c6 3. d4 d5 4. cxd5 cxd5 5. Bf4 Nc6 6. e3 Bf5 7. Rc1 a6 8. Nf3 Rc8 9. Ne5 Nxe5 10. dxe5 Ne4 11. Bd3 Nxc3 12. Bxf5 Nxd1 13. Rxc8 g6 14. e6 Qxc8 15. exf7+ Kd8 16. Bxc8 Kxc8 1-0